000 00758nam a2200241Ia 4500
003 OSt
005 20220923220848.0
006 a|||||r|||| 00| 0
007 ta
008 220922b |||||||| |||| 00| 0 hin d
024 _a191,536
037 _cTextual
040 _aARTS
_cARTS
_bhin
041 _2hin
_ahin
082 _aV2y7N02, 152K7
100 _aजयप्रकाश नारायण
245 0 _aमेरी जेल डायरी
246 _aMerī jel ḍāyarī
260 _aदिल्ली
_b राजपाल एण्ड सज
_c1977
650 _aविश्व-इतिहास
942 _hV2y7N02, 152K7
_cTEXL
_2CC
999 _c344243
_d344243